Statistics for Largest Cities in US by Number of Letters

Click here to take the quiz!

General Stats

  • This quiz has been taken 80 times
  • The average score is 6 of 13

Answer Stats

# of lettersPopulationCity% Correct
78,500,405New York
100%
103,971,883Los Angeles
97%
61,300,092Dallas
83%
121,567,442Philadelphia
74%
81,394,928San Diego
58%
11672,228Washington
48%
4471,825Mesa
29%
5443,885Omaha
22%
9833,319Fort Worth
19%
13452,745Virginia Beach
14%
15456,568Colorado Springs
12%
14178,590Fort Lauderdale
10%
337,604Roy
3%

Score Distribution

Percentile by Number Answered

Percent of People with Each Score

Your Score History

You have not taken this quiz